Accounting and financial statement analysis in fishery cooperatives

Gespeichert in:
Bibliographische Detailangaben
Format: Buch
Sprache:Englisch
Veröffentlicht: Tokio Kanagawa International Fisheries Training Centre 1989
Tokio Japan International Cooperation Agency 1989
Schlagworte:
Tags: Tag hinzufügen
Keine Tags, Fügen Sie den ersten Tag hinzu!

MARC

LEADER 00000nam a2200000 a 4500
001 UCZ2023
003 CL-VaPUC
008 950925e19890000JA |||||||||||||||||eng|d
082 0 4 |a 338.372  |b ACC  |2 21 
245 1 0 |a Accounting and financial statement analysis in fishery cooperatives 
300 |a 55 p 
942 |c BK 
945 |d 19950925 00:00:00  |a rbrito 
260 |a Tokio  |b Kanagawa International Fisheries Training Centre  |c 1989 
260 |a Tokio  |b Japan International Cooperation Agency  |c 1989 
650 0 |a Pesca  |9 258707 
650 0 |a Asuntos económicos   |9 345773 
650 0 |a Contabilidad   |9 261430 
650 0 |a Análisis financiero  |9 264523 
650 7 |a COOPERATIVAS PESQUERAS  |2 CL-VaPUC  |9 345774 
650 0 |a Administración  |9 259325 
583 |a last modification  |c 20120904 09:37:19  |k Rodrigo Vera 
999 |c 238683  |d 238681